| 000 | 00566nam a2200193Ia 4500 | ||
|---|---|---|---|
| 005 | 20260114185846.0 | ||
| 008 | 008 260114s9999 xx 000 0 eng d | ||
| 020 | _a9781474214988 | ||
| 037 | _aEBOOK | ||
| 040 |
_aCRL _beng _cCRL |
||
| 041 |
_aeng _2eng |
||
| 084 | _qCRL | ||
| 100 |
_aDavid Muggleton _9875280 |
||
| 245 | 0 | _aInside Subculture The Postmodern Meaning of Style | |
| 260 |
_bBloomsbury _c2000 |
||
| 856 | _uhttps://doi.org/10.5040/9781474214988?locatt=label:secondary_bloomsburyCollections | ||
| 942 | _cEBOOK | ||
| 999 |
_c1474214 _d1474214 |
||